MARC details
| 000 -CABECERA |
| campo de control de longitud fija |
03129nam a2200469 a 4500 |
| 001 - NÚMERO DE CONTROL |
| campo de control |
000103050 |
| 003 - IDENTIFICADOR DEL NÚMERO DE CONTROL |
| campo de control |
CHAP |
| 005 - FECHA Y HORA DE LA ÚLTIMA TRANSACCIÓN |
| campo de control |
20240814131035.0 |
| 007 - CAMPO FIJO DE DESCRIPCIÓN FÍSICA--INFORMACIÓN GENERAL |
| campo de control de longitud fija |
cr ||||||a|c|a |
| 008 - DATOS DE LONGITUD FIJA--INFORMACIÓN GENERAL |
| campo de control de longitud fija |
101022s2010 mx r 00010 spa d |
| 035 ## - NÚMERO DE CONTROL DEL SISTEMA |
| Número de control de sistema |
111171 |
| 040 ## - FUENTE DE LA CATALOGACIÓN |
| Centro/agencia transcriptor |
CHAP |
| 090 ## - LOCALMENTE ASIGNADO TIPO-LC NÚMERO DE CLASIFICACIÓN (OCLC); NÚMERO DE CLASIFICACIÓN LOCAL (RLIN) |
| Número de clasificación (OCLC) (R) ; Numero de clasificación, CALL (RLIN) (NR) |
Tesis |
| 100 1# - ENTRADA PRINCIPAL--NOMBRE DE PERSONA |
| Nombre de persona |
Hernández Avila, Alejandro. |
| 9 (RLIN) |
53824 |
| 245 10 - MENCIÓN DE TÍTULO |
| Título |
Valoración económica del agua de uso doméstico en los municipios de Cuautepec, Metztitlán y Tulancingo en el Estado de Hidalgo |
| Mención de responsabilidad, etc. |
/por Alejandro Hernández Avila; director Ramón Valdivia Alcalá |
| 264 #1 - PRODUCCIÓN, PUBLICACIÓN, DISTRIBUCIÓN, FABRICACIÓN Y COPYRIGHT |
| Producción, publicación, distribución, fabricación y copyright |
Chapingo, Méx. : |
| Nombre del de productor, editor, distribuidor, fabricante |
El autor, |
| Fecha de producción, publicación, distribución, fabricación o copyright |
2010. |
| 300 ## - DESCRIPCIÓN FÍSICA |
| Extensión |
1 recurso en línea (124 páginas): |
| Otras características físicas |
Ilustraciones,cuadros, gráficas, mapas, tablas |
| 336 ## - TIPO DE CONTENIDO |
| Fuente |
rdacontent |
| Término de tipo de contenido |
texto |
| Código de tipo de contenido |
txt |
| 337 ## - TIPO DE MEDIO |
| Fuente |
rdacontent |
| Nombre/término del tipo de medio |
computadora |
| Código del tipo de medio |
c |
| 338 ## - TIPO DE SOPORTE |
| Fuente |
rdacarrier |
| Nombre/término del tipo de soporte |
recurso en línea |
| Código del tipo de soporte |
cr |
| 502 ## - NOTA DE TESIS |
| Tipo de título |
Licenciatura en Economía |
| Nombre de la institución que otorga el título |
División de Ciencias Económico Administrativas, |
| Año de obtención del título |
2010. |
| Información miscelánea |
Licenciatura |
| 520 ## - SUMARIO, ETC. |
| Sumario, etc. |
El problema de la escasez del agua se ha venido agudizando a nivel mundial, donde México no está exento de este problema, en el cual, la disponibilidad del agua entre los individuos ha disminuido en los últimos 50 años, ocasionados principalmente por el incremento poblacional. Con la presente investigación se pretende determinar la valoración económica del agua en los municipios de Cuautepec, Metztitlán y Tulancingo en el Estado de Hidalgo, mediante el método de valoración contingente, con este método se puede estimar la disponibilidad a pagar por el servicio de agua potable y la disponibilidad a ser compensado por dejar de usar el servicio público. La recolección de la información se realizó con la aplicación de encuestas a los usuarios domésticos de cada uno de los municipios. Con la información recabada por las encuestas, se procedió a procesarla con el paquete computacional de SAS, con el cual se construyeron los modelos que explicaban el comportamiento de la DAP y de la DAC para cada municipio, dando como resultado lo siguiente: la DAP estimada para Cuautepec fue de 134.064 pesos, para Metztitlán de 97.13 pesos y para Tulancingo de 131.32 pesos. Los valores estimados de la DAC para cada municipio fueron de 628.68 pesos para Cuautepec para Metztitlán es de 427.796 pesos y para Tulancingo se estimó una DAC de 651.423 pesos. |
| 650 04 - PUNTO DE ACCESO ADICIONAL DE MATERIA--TÉRMINO DE MATERIA |
| Término de materia o nombre geográfico como elemento de entrada |
Agua potable |
| Subdivisión general |
Abastecimiento |
| -- |
Costos. |
| 9 (RLIN) |
2444 |
| 650 04 - PUNTO DE ACCESO ADICIONAL DE MATERIA--TÉRMINO DE MATERIA |
| Término de materia o nombre geográfico como elemento de entrada |
Agua potable |
| Subdivisión general |
Abastecimiento |
| Subdivisión geográfica |
Hidalgo. |
| 9 (RLIN) |
2445 |
| 650 04 - PUNTO DE ACCESO ADICIONAL DE MATERIA--TÉRMINO DE MATERIA |
| Término de materia o nombre geográfico como elemento de entrada |
Agua potable |
| Subdivisión general |
Calidad. |
| 9 (RLIN) |
2446 |
| 700 0# - PUNTO DE ACCESO ADICIONAL--NOMBRE DE PERSONA |
| Nombre de persona |
Valdivia Alcalá, Ramón |
| 9 (RLIN) |
117308 |
| Término indicativo de función/relación |
Director de tesis |
| 856 ## - LOCALIZACIÓN Y ACCESO ELECTRÓNICOS |
| Identificador Uniforme del Recurso |
http://10.13.5.2/tesis/111171.pdf |
| Nota pública |
DESCARGAR PDF |
| 942 ## - ELEMENTOS DE PUNTO DE ACCESO ADICIONAL (KOHA) |
| Fuente del sistema de clasificación o colocación |
Universidad Autónoma Chapingo |
| Tipo de ítem Koha |
Tesis digital |
| 590 ## - NOTA LOCAL (RLIN) |
| Nota local |
ALEPH |
| Procedencia (VM) [OBSOLETO] |
10 |
| Condición del los carretes individuales (VM) [OBSOLETO] |
20130110 |
| 590 ## - NOTA LOCAL (RLIN) |
| Nota local |
BATCH-UPD |
| Procedencia (VM) [OBSOLETO] |
10 |
| Condición del los carretes individuales (VM) [OBSOLETO] |
20130110 |
| 590 ## - NOTA LOCAL (RLIN) |
| Nota local |
BATCH-UPD |
| Procedencia (VM) [OBSOLETO] |
10 |
| Condición del los carretes individuales (VM) [OBSOLETO] |
20130410 |
| 590 ## - NOTA LOCAL (RLIN) |
| Nota local |
BATCH-UPD |
| Procedencia (VM) [OBSOLETO] |
10 |
| Condición del los carretes individuales (VM) [OBSOLETO] |
20130913 |
| 590 ## - NOTA LOCAL (RLIN) |
| Nota local |
BATCH-UPD |
| Procedencia (VM) [OBSOLETO] |
10 |
| Condición del los carretes individuales (VM) [OBSOLETO] |
20140324 |
| 590 ## - NOTA LOCAL (RLIN) |
| Nota local |
BATCH-UPD |
| Procedencia (VM) [OBSOLETO] |
10 |
| Condición del los carretes individuales (VM) [OBSOLETO] |
20141002 |
| 590 ## - NOTA LOCAL (RLIN) |
| Nota local |
CONVERSION |
| Procedencia (VM) [OBSOLETO] |
10 |
| Condición del los carretes individuales (VM) [OBSOLETO] |
20130109 |
| 590 ## - NOTA LOCAL (RLIN) |
| Nota local |
E11695DGD |
| Procedencia (VM) [OBSOLETO] |
10 |
| Condición del los carretes individuales (VM) [OBSOLETO] |
20160506 |
| 901 ## - ELEMENTOS DE DATOS A LOCAL LDA (RLIN) |
| a |
BK |
| 949 ## - PROCESAMIENTO DE INFORMACIÓN LOCAL (OCLC) |
| b |
BC |
| c |
TES |
| d |
33724002211842 |
| e |
TS1 |
| g |
DonaciØn |
| h |
51271 |
| i |
111171 |
| s |
b |
| 949 ## - PROCESAMIENTO DE INFORMACIÓN LOCAL (OCLC) |
| b |
BC |
| c |
TES |
| d |
33724002211884 |
| e |
TS2 |
| f |
c.2 |
| g |
DonaciØn |
| h |
51272 |
| i |
111171 |
| s |
b |